| 000 | 00865nacaa2200277 a 4500 | ||
|---|---|---|---|
| 001 | 000037784 | ||
| 003 | DO-SdBNP | ||
| 005 | 20250219074027.0 | ||
| 007 | ta | ||
| 008 | 081204s2003 dr r 000 f spa d | ||
| 020 | _a9993497401 | ||
| 040 |
_aDO-SdBNP _bspa _cBNPHU |
||
| 082 | 4 |
_aRD863.2 _bA594fa, 2003 _222 |
|
| 100 | 1 |
_aAngulo Guridi, Francisco Javier, _d1816-1884 _910453 |
|
| 245 | 1 | 3 |
_aLa fantasma de Higüey / _cFrancisco Javier Angulo Guridi. |
| 260 |
_aSanto Domingo : _bManatí, _c2003. |
||
| 300 |
_a158 p. : _c21 cm. |
||
| 490 | 1 | _aObras clásicas dominicanas | |
| 590 | _aInventariado, 2019 / DG | ||
| 650 | 0 |
_aNovela dominicana _9223 |
|
| 650 | 0 |
_aLiteratura dominicana. _967 |
|
| 700 | 1 |
_aPérez, Isael, _d1961- _eed. _91414 |
|
| 830 | 0 |
_aObras clásicas dominicanas _91670 |
|
| 910 | _aValidado. Control de calidad. MFF | ||
| 942 |
_2ddc _cLBS1 |
||
| 999 |
_c37274 _d37274 |
||